Skip to content

Учебник уголовного права Бернера, перевод с дополнениями и приложениями.Особенная часть

Классическое произведение, относящееся к общественному достоянию.

Saved in:
Bibliographic Details
Main Author: Неклюдов Н. А.
Format: Книга
Language:Russian
Published: Санкт-Петербург Лань 2014
Subjects:
Online Access:http://e.lanbook.com/books/element.php?pl1_id=44821
https://e.lanbook.com/img/cover/book/44821.jpg
Tags: Add Tag
No Tags, Be the first to tag this record!
LEADER 01192nam0a2200253 i 4500
001 44821
003 RuSpLAN
005 20221220173922.0
008 221220s2014 ru gs 000 0 rus
020 |a 978-5-507-37378-9 
040 |a RuSpLAN 
041 0 |a rus 
044 |a ru 
245 0 0 |a Учебник уголовного права Бернера, перевод с дополнениями и приложениями.Особенная часть  |c Неклюдов Н. А. 
260 |a Санкт-Петербург  |b Лань  |c 2014 
300 |a 368 с. 
504 |a Библиогр.: доступна в карточке книги, на сайте ЭБС Лань 
520 8 |a Классическое произведение, относящееся к общественному достоянию. 
521 8 |a Книга из коллекции Лань - Право. Юридические науки 
653 0 |a право юридические науки 
100 1 |a Неклюдов Н. А. 
856 4 |u http://e.lanbook.com/books/element.php?pl1_id=44821 
856 4 8 |u https://e.lanbook.com/img/cover/book/44821.jpg 
953 |a https://e.lanbook.com/img/cover/book/44821.jpg